【プロ野球】侍ジャパン オランダ戦の出場選手 - Statistics

General Stats
  • This quiz has been taken 53 times
  • The average score is 13 of 28
Answer Stats
背番号 ポジション 球団名 Answer % Correct
3 内野手 阪神 大山悠輔
75%
13 投手 オリックス 宮城大弥
72%
50 捕手 DeNA 山本祐大
69%
8 内野手 阪神 佐藤輝明
69%
66 外野手 日本ハム 万波中正
69%
48 投手 西武 今井達也
61%
7 内野手 ヤクルト 長岡秀樹
61%
55 外野手 中日 細川成也
61%
4 内野手 読売 吉川尚輝
58%
61 内野手 広島 矢野雅哉
56%
69 投手 阪神 石井大智
53%
62 捕手 ソフトバンク 海野隆司
53%
6 内野手 DeNA 森敬斗
53%
27 捕手 読売 岸田行倫
47%
31 内野手 オリックス 太田椋
47%
53 外野手 日本ハム 水谷瞬
44%
58 外野手 DeNA 梶原昂希
39%
16 投手 ロッテ 種市篤暉
36%
40 投手 ソフトバンク 杉山一樹
33%
38 外野手 ロッテ 高部瑛斗
33%
15 投手 オリックス 曽谷龍平
28%
28 投手 日本ハム 河野竜生
25%
17 投手 広島 常廣羽也斗
22%
26 投手 ソフトバンク 大津亮介
22%
33 内野手 ソフトバンク 廣瀬隆太
19%
36 投手 広島 塹江敦哉
17%
19 投手 日本ハム 齋藤友貴哉
14%
21 投手 中日 橋本侑樹
14%
No matching quizzes found
Score Distribution
Percent of People with Each Score
Percentile by Number Answered
Your Score History
You have not taken this quiz